000
00291nam a22001337a 4500
008
170511b xxu||||| |||| 00| 0 eng d
020
_a
0942728858
041
_a
eng
080
_2
4TH
_a
343.9
100
_a
15
101
_a
SHJ
245
_a
CRIMINAL PROCEDURE
_c
KACI, J.H
942
_2
udc
_c
BK
999
_c
13143
_d
13143